[Event "Qatar Masters Open 2023"]
[Site "Doha QAT"]
[Date "2023.10.13"]
[Round "3.8"]
[White "Yakubboev, Nodirbek"]
[Black "Madaminov, Mukhiddin"]
[Result "1/2-1/2"]
[WhiteTitle "GM"]
[BlackTitle "IM"]
[WhiteElo "2616"]
[BlackElo "2484"]
[WhiteFideId "14203987"]
[BlackFideId "14210703"]
[EventDate "2023.10.11"]

1. Nf3 Nf6 2. c4 g6 3. Nc3 Bg7 4. e4 e5 5. Nxe5 O-O 6. Nf3 Re8 7. d3 d5 8. cxd5
Nxd5 9. Bd2 Bg4 10. Be2 Bxf3 11. gxf3 Nb4 12. Be3 N8c6 13. a3 Na6 14. Nb5 Nd4
15. Nxd4 Bxd4 16. Rc1 Bxb2 17. h4 Qd6 18. h5 Rad8 19. hxg6 hxg6 20. Kf1 Qxa3 21.
d4 Bxc1 22. Bxc1 Qa1 23. d5 Re5 24. Qd2 Rh5 25. Rxh5 gxh5 26. Qg5+ Kh7 27. Qf5+
Kg8 28. Qg5+ Kh7 29. Qf5+ Kg8 30. Qg5+ Kh7 31. Qxh5+ Kg8 32. Qg5+ Kh7 33. Qh6+
Kg8 34. Qg5+ Kh7 35. Qh4+ Kg7 36. Qg5+ Kh7 1/2-1/2

[Event "Qatar Masters Open 2023"]
[Site "Doha QAT"]
[Date "2023.10.13"]
[Round "3.9"]
[White "Kevlishvili, Robby"]
[Black "Vakhidov, Jakhongir"]
[Result "1-0"]
[WhiteTitle "GM"]
[BlackTitle "GM"]
[WhiteElo "2521"]
[BlackElo "2607"]
[WhiteFideId "1040634"]
[BlackFideId "14201801"]
[EventDate "2023.10.11"]

1. e4 e5 2. Nf3 Nc6 3. Bb5 a6 4. Ba4 Nf6 5. d3 Bc5 6. c3 b5 7. Bc2 O-O 8. O-O d6
9. a4 Ba7 10. h3 Bd7 11. Re1 Re8 12. Nbd2 Ne7 13. Nf1 Ng6 14. Ng3 h6 15. d4 c5
16. Nf5 exd4 17. cxd4 Bxf5 18. exf5 Rxe1+ 19. Qxe1 Ne7 20. dxc5 dxc5 21. axb5
axb5 22. Qa5 Qb8 23. Be3 Nc6 24. Qa3 Qb7 25. Bxc5 Rc8 26. Bxa7 Nxa7 27. Qxa7
Qxa7 28. Rxa7 Rxc2 29. Ne5 Rxb2 30. Ra8+ Kh7 31. Nxf7 g6 32. Ra6 Ne4 33. fxg6+
Kg7 34. Nd6 Nf6 35. Nf5+ Kxg6 36. Nxh6 Kg7 37. Ng4 Nd5 38. h4 Rb4 39. f3 Nf4 40.
Ne3 Rb2 41. Kh2 Rb4 42. Rd6 Kf7 43. Nd5 Nxd5 44. Rxd5 Rxh4+ 45. Kg3 Rb4 46. f4
Rb2 47. Kf3 b4 48. g4 Ke6 49. Rb5 Rb1 50. g5 b3 51. Rb6+ Kd5 52. Kg4 Ke4 53.
Rb4+ Kd3 54. Kf5 Kc3 55. Rb8 b2 56. Kg6 Ra1 57. f5 Ra8 58. Rb5 Rg8+ 59. Kh6 Rh8+
60. Kg7 Rh5 61. Kg6 Rh8 62. f6 Rg8+ 63. Kh6 Rh8+ 64. Kg7 Rh5 65. f7 1-0

[Event "Qatar Masters Open 2023"]
[Site "Doha QAT"]
[Date "2023.10.13"]
[Round "3.10"]
[White "Jumabayev, Rinat"]
[Black "Baskin, Robert"]
[Result "1-0"]
[WhiteTitle "GM"]
[BlackTitle "IM"]
[WhiteElo "2585"]
[BlackElo "2451"]
[WhiteFideId "13702661"]
[BlackFideId "24662402"]
[EventDate "2023.10.11"]

1. d4 d5 2. c4 c6 3. Nf3 Nf6 4. Qc2 dxc4 5. e4 b5 6. b3 cxb3 7. axb3 e6 8. Bd3
a5 9. O-O Na6 10. Qxc6+ Bd7 11. Qc2 Nb4 12. Qe2 Nxd3 13. Qxd3 Be7 14. d5 exd5
15. exd5 Bc6 16. Nc3 Nxd5 17. Ne5 Nxc3 18. Qxc3 Be4 19. Bb2 f6 20. Nc6 b4 21.
Qc1 Bxc6 22. Qxc6+ Kf8 23. Rfe1 Rc8 24. Qe6 Bc5 25. Rad1 Qe8 26. Qf5 Qc6 27. Re6
Bxf2+ 28. Kf1 1-0

[Event "Qatar Masters Open 2023"]
[Site "Doha QAT"]
[Date "2023.10.13"]
[Round "3.11"]
[White "Vaishali, Rameshbabu"]
[Black "Kuybokarov, Temur"]
[Result "1/2-1/2"]
[WhiteTitle "IM"]
[BlackTitle "GM"]
[WhiteElo "2448"]
[BlackElo "2584"]
[WhiteFideId "5091756"]
[BlackFideId "14203049"]
[EventDate "2023.10.11"]

1. e4 e5 2. Nf3 Nc6 3. Bb5 Nge7 4. d4 exd4 5. Nxd4 Nxd4 6. Qxd4 Nc6 7. Qd3 Bc5
8. Nc3 O-O 9. O-O Nb4 10. Qe2 c6 11. a3 Nxc2 12. Qxc2 cxb5 13. Nxb5 d6 14. b4
Bd7 15. bxc5 Bxb5 16. Rd1 Rc8 17. Be3 Qf6 18. Rab1 Ba6 19. Rd5 dxc5 20. Rxc5 b6
21. Rxc8 Rxc8 22. Qa4 Bd3 23. Rd1 b5 24. Qxa7 Bxe4 25. Qd7 Qc6 26. Qd8+ Qe8 27.
Qxe8+ Rxe8 28. Bb6 f6 29. f3 Bc6 30. Rd8 Rxd8 1/2-1/2

[Event "Qatar Masters Open 2023"]
[Site "Doha QAT"]
[Date "2023.10.13"]
[Round "3.14"]
[White "Ahmadzada, Ahmad"]
[Black "Van Foreest, Jorden"]
[Result "1/2-1/2"]
[WhiteTitle "IM"]
[BlackTitle "GM"]
[WhiteElo "2494"]
[BlackElo "2707"]
[WhiteFideId "13413007"]
[BlackFideId "1039784"]
[EventDate "2023.10.11"]

1. e4 c6 2. Nf3 d5 3. Nc3 dxe4 4. Nxe4 Nf6 5. Qe2 Bg4 6. Nxf6+ gxf6 7. h3 Bh5 8.
g3 Nd7 9. d4 Bg7 10. Bg2 O-O 11. O-O Re8 12. Re1 e5 13. g4 Bg6 14. dxe5 fxe5 15.
Be3 e4 16. Nd4 Qe7 17. Rad1 Rad8 18. b3 Kh8 19. Kh1 Qe5 20. Rd2 Nf6 21. c4 Qa5
22. Red1 h5 23. Nf5 hxg4 24. Nxg7 Kxg7 25. Rxd8 Rxd8 26. Rxd8 Qxd8 27. hxg4 Qd7
28. g5 Ng4 29. Bxa7 Qf5 30. Bd4+ Kh7 31. Qd2 c5 32. Be3 Qe5 33. Kg1 Qa1+ 34. Qc1
Qxa2 35. Bxc5 Qxb3 36. Bd4 Qd3 37. Qc3 Qd1+ 38. Bf1 Bh5 39. Qa1 Qd2 40. Bg2 e3
41. Bxe3 Nxe3 42. fxe3 Qxe3+ 43. Kh1 Bf3 44. Qf1 Bxg2+ 45. Qxg2 Qe7 46. c5 Qd7
47. Qh2+ Kg7 48. Qh6+ Kg8 49. Qb6 Qd5+ 50. Kh2 Qf3 51. Kg1 Qd5 52. Kf2 Kf8 53.
g6 Qf5+ 54. Ke3 Qg5+ 55. Kd4 Qd2+ 56. Ke5 Qe3+ 57. Kd6 Qe7+ 58. Kd5 Qg5+ 59. Kd6
Qe7+ 60. Kd5 1/2-1/2

[Event "Qatar Masters Open 2023"]
[Site "Doha QAT"]
[Date "2023.10.13"]
[Round "3.15"]
[White "Nihal, Sarin"]
[Black "Vignesh, N R"]
[Result "1/2-1/2"]
[WhiteTitle "GM"]
[BlackTitle "GM"]
[WhiteElo "2694"]
[BlackElo "2527"]
[WhiteFideId "25092340"]
[BlackFideId "25012215"]
[EventDate "2023.10.11"]

1. e4 c5 2. Nf3 d6 3. d4 cxd4 4. Nxd4 Nf6 5. Nc3 a6 6. Be3 e5 7. Nb3 Be6 8. f3
h5 9. Nd5 Bxd5 10. exd5 Nbd7 11. Qd2 g6 12. O-O-O Nb6 13. Kb1 Nfxd5 14. Bg5 Be7
15. Bxe7 Qxe7 16. Qa5 Ne3 17. Qxb6 Nxd1 18. Bc4 Rc8 19. Bd5 Nxb2 20. Kxb2 Qc7
21. Qxc7 Rxc7 22. a4 Ke7 23. c4 Rhc8 24. Rc1 f5 25. a5 Rb8 26. f4 e4 27. Nd4 Rc5
28. Ra1 Kf6 29. Kc3 b5 30. Nc6 Re8 31. Nb4 bxc4 32. Kd4 e3 33. Nxa6 Rxa5 34.
Rxa5 e2 35. Ra1 e1=Q 36. Rxe1 Rxe1 37. Nb4 h4 38. h3 Rf1 1/2-1/2

[Event "Qatar Masters Open 2023"]
[Site "Doha QAT"]
[Date "2023.10.13"]
[Round "3.16"]
[White "Xiao, Tong(QD)"]
[Black "Aravindh, Chithambaram VR."]
[Result "1/2-1/2"]
[BlackTitle "GM"]
[WhiteElo "2476"]
[BlackElo "2649"]
[WhiteFideId "8622388"]
[BlackFideId "5072786"]
[EventDate "2023.10.11"]

1. e4 e5 2. Nf3 Nc6 3. Bb5 a6 4. Ba4 d6 5. O-O Bg4 6. c3 Qf6 7. d3 Ne7 8. Be3
Bxf3 9. Qxf3 Qxf3 10. gxf3 f5 11. f4 O-O-O 12. Bb3 g6 13. Rd1 fxe4 14. dxe4 Bh6
15. f5 Bg7 16. Kh1 gxf5 17. Be6+ Kb8 18. exf5 e4 19. Rg1 Be5 20. Nd2 d5 21. Rae1
Rhf8 22. Rg5 Rd6 23. Rh5 Nd8 24. Bc5 Nxe6 25. Bxd6 Bxd6 26. fxe6 Rxf2 27. Nf1
Rxb2 28. Ne3 Rxa2 29. c4 d4 30. c5 Bxc5 31. Rxc5 dxe3 32. Rxe3 c6 33. Rxe4 Kc7
34. Rd4 Re2 35. Rd7+ Kb6 36. Rh5 Rxe6 37. Rxh7 Nd5 38. Rxb7+ Kc5 39. h4 a5 40.
Ra7 Kb5 41. h5 c5 42. h6 c4 43. Rhb7+ Ka4 44. h7 Rh6+ 1/2-1/2

[Event "Qatar Masters Open 2023"]
[Site "Doha QAT"]
[Date "2023.10.13"]
[Round "3.17"]
[White "Aryan, Chopra"]
[Black "Pranesh, M"]
[Result "1/2-1/2"]
[WhiteTitle "GM"]
[BlackTitle "GM"]
[WhiteElo "2634"]
[BlackElo "2515"]
[WhiteFideId "5084423"]
[BlackFideId "35028600"]
[EventDate "2023.10.11"]

1. e4 e5 2. Nf3 Nc6 3. Bc4 Nf6 4. d3 Bc5 5. c3 O-O 6. O-O d6 7. h3 h6 8. Re1 a6
9. a4 Ba7 10. Nbd2 Ne7 11. Nf1 Ng6 12. Ng3 c6 13. Bb3 Re8 14. d4 Be6 15. Bc2 Qc7
16. Be3 Rad8 17. Qc1 a5 18. b3 Bc8 19. c4 exd4 20. Nxd4 Bc5 21. Qb2 Nh4 22. Rad1
Bd7 23. Qc1 Ng6 24. Ndf5 Bxe3 25. Rxe3 Bxf5 26. Nxf5 Re5 27. g3 b5 28. cxb5 cxb5
29. Qd2 Rc5 30. Bb1 bxa4 31. bxa4 d5 32. f4 Rb8 33. e5 Ne4 34. Bxe4 dxe4 35. Re2
Rc3 36. Qd6 Qc8 37. Kh2 Kh7 38. Qd7 Rc2 39. Rxc2 Qxc2+ 40. Qd2 Qxa4 41. Qe2 Qa3
42. Rd2 a4 43. h4 Rb1 44. Qxe4 Qc1 45. Re2 h5 46. e6 Qg1+ 47. Kh3 Qf1+ 48. Kh2
Rb4 49. Qc2 Rb1 50. Qe4 fxe6 51. Ne7 Qg1+ 52. Kh3 Qh1+ 53. Qxh1 Rxh1+ 54. Kg2
Rb1 55. Nxg6 a3 56. Kh3 Kxg6 57. Rxe6+ Kf7 58. Ra6 Rb3 59. f5 Rc3 60. Kg2 Ke7
61. Rg6 Kf8 62. Ra6 Kf7 63. Kf2 Ke7 64. Rg6 Kf7 65. Ra6 Ke7 66. Rg6 a2 67. Rxg7+
Kf6 68. Ra7 Rc2+ 69. Kf3 Kxf5 70. Ra5+ Ke6 71. g4 Rc3+ 72. Kg2 1/2-1/2

[Event "Qatar Masters Open 2023"]
[Site "Doha QAT"]
[Date "2023.10.13"]
[Round "3.18"]
[White "Mendonca, Leon Luke"]
[Black "Samant, Aditya S"]
[Result "1/2-1/2"]
[WhiteTitle "GM"]
[BlackTitle "IM"]
[WhiteElo "2622"]
[BlackElo "2511"]
[WhiteFideId "35028561"]
[BlackFideId "35080580"]
[EventDate "2023.10.11"]

1. e4 c5 2. Nf3 d6 3. d4 cxd4 4. Nxd4 Nf6 5. Nc3 Nc6 6. Bg5 e6 7. Qd2 a6 8.
O-O-O Bd7 9. Kb1 Be7 10. Nxc6 Bxc6 11. f3 Qc7 12. h4 h6 13. Be3 d5 14. e5 Nd7
15. f4 h5 16. Bd3 g6 17. Ne2 Nc5 18. Nd4 Rc8 19. Qe2 Na4 20. Ka1 Bd7 21. Rb1 Nb6
22. g4 Nc4 23. Bf2 a5 24. f5 gxf5 25. gxf5 a4 26. f6 Bf8 27. Bxc4 Qxc4 28. Qxc4
Rxc4 29. a3 Bh6 30. Rhg1 Kf8 31. c3 Rg8 32. Rbe1 Bf4 33. Kb1 Rxg1 34. Bxg1 Kg8
35. Re2 Kh8 36. Bh2 Bh6 37. Bg1 Bf4 38. Bh2 Bh6 39. Kc2 Rc8 40. Rg2 Rg8 41.
Rxg8+ Kxg8 1/2-1/2

[Event "Qatar Masters Open 2023"]
[Site "Doha QAT"]
[Date "2023.10.13"]
[Round "3.19"]
[White "Laxman, R.R."]
[Black "Puranik, Abhimanyu"]
[Result "1-0"]
[WhiteTitle "GM"]
[BlackTitle "GM"]
[WhiteElo "2322"]
[BlackElo "2618"]
[WhiteFideId "5005361"]
[BlackFideId "5061245"]
[EventDate "2023.10.11"]

1. d4 Nf6 2. Nf3 d5 3. c4 e6 4. g3 Bb4+ 5. Bd2 Be7 6. Bg2 Nbd7 7. Qc2 c6 8. O-O
Ne4 9. Nc3 Nxd2 10. Nxd2 O-O 11. Rfd1 Rb8 12. a3 a5 13. cxd5 exd5 14. e4 dxe4
15. Ndxe4 f5 16. Nd2 f4 17. Nf3 Nf6 18. Ng5 Qe8 19. Re1 h6 20. Nf3 fxg3 21. hxg3
Bg4 22. Ne5 Bh5 23. Qa4 Qd8 24. Qc4+ Kh8 25. Re3 Bd6 26. Rae1 Bc7 27. Bf3 Be8
28. Ne2 g5 29. Qc5 Kg7 30. Nc4 Bf7 31. Nc3 Rc8 32. Ne5 Bb6 33. Nxf7 Rxf7 34. Qf5
Bxd4 35. Re6 Rcc7 36. Kg2 Rce7 37. Rd1 Qd7 38. Rde1 Rxe6 39. Rxe6 Ba7 40. Ne4
Qd4 41. Bh5 Qxe4+ 42. Rxe4 Nxh5 43. Qe5+ Nf6 44. Re2 Bb6 45. Qc3 1-0

[Event "Qatar Masters Open 2023"]
[Site "Doha QAT"]
[Date "2023.10.13"]
[Round "3.20"]
[White "Chen, Qi b"]
[Black "Karthikeyan, Murali"]
[Result "0-1"]
[WhiteTitle "IM"]
[BlackTitle "GM"]
[WhiteElo "2465"]
[BlackElo "2611"]
[WhiteFideId "8614733"]
[BlackFideId "5074452"]
[EventDate "2023.10.11"]

1. e4 c5 2. Nf3 Nc6 3. c3 Nf6 4. e5 Nd5 5. Bc4 Nb6 6. Bb3 c4 7. Bc2 Qc7 8. O-O
Nxe5 9. Nxe5 Qxe5 10. Re1 Qc7 11. a4 e6 12. a5 Nd5 13. d3 cxd3 14. Qxd3 Nf6 15.
c4 Bc5 16. h3 a6 17. Nc3 b6 18. axb6 Bxb6 19. Nd5 Nxd5 20. cxd5 Bb7 21. Ra3 Rc8
22. Rc3 Qd8 23. Bf4 Qf6 24. Re4 Rxc3 25. bxc3 Bxd5 26. Qxd5 Qxf4 27. Rxf4 exd5
28. Rb4 Bc7 29. Rb7 Kd8 30. Ra7 Re8 31. Ra8+ Ke7 32. Rxa6 Rb8 33. Ra2 Be5 34.
Kf1 Bxc3 35. Ke2 Bd4 36. Bd3 g6 37. Rc2 Kd6 38. Ra2 Re8+ 39. Kf1 Bc5 40. Bb5 Rb8
41. Bd3 Rb3 42. Bc2 Rb4 43. Ba4 h5 44. Bc2 Ke5 45. Ke1 f5 46. Bd3 Kd4 47. Ke2
Rb8 48. Ba6 Re8+ 49. Kd1 Rb8 50. Rd2+ Ke5 51. Re2+ Kf6 52. Rd2 Rb1+ 53. Ke2 Ke5
54. h4 Bb4 55. Ra2 Kf4 56. Bb7 Kg4 57. g3 f4 58. gxf4 Re1+ 59. Kd3 Kxf4 60. Bxd5
Rd1+ 61. Kc4 Be7 62. Ra6 d6 63. Bf7 Kf5 64. Ra5+ Kf6 65. Bd5 Rd2 66. Ra3 Rxf2
67. Re3 Rf4+ 68. Kd3 Bf8 69. Re6+ Kf5 70. Re8 Kg4 71. Be4 Rf6 72. Bxg6 Rxg6 73.
Rxf8 Kxh4 74. Ke3 Kg4 75. Rf4+ Kg5 76. Rf1 Re6+ 77. Kd4 h4 78. Rg1+ Kh5 79. Kd5
Rf6 0-1

[Event "Qatar Masters Open 2023"]
[Site "Doha QAT"]
[Date "2023.10.13"]
[Round "3.21"]
[White "Paravyan, David"]
[Black "Prraneeth, Vuppala"]
[Result "1/2-1/2"]
[WhiteTitle "GM"]
[BlackTitle "IM"]
[WhiteElo "2599"]
[BlackElo "2510"]
[WhiteFideId "4194985"]
[BlackFideId "46622373"]
[EventDate "2023.10.11"]

1. Nf3 c5 2. c4 Nc6 3. Nc3 Nf6 4. g3 d5 5. d4 cxd4 6. Nxd4 dxc4 7. Nxc6 Qxd1+ 8.
Nxd1 bxc6 9. Bg2 Nd5 10. Ne3 e6 11. Nxc4 Ba6 12. b3 Bb4+ 13. Bd2 Ke7 14. Rc1
Rac8 15. Bxb4+ Nxb4 16. a3 Nd5 17. O-O c5 18. Rc2 Bxc4 19. Rxc4 Nb6 20. Rc3 c4
21. Bb7 Rb8 22. Ba6 cxb3 23. Rxb3 Na4 24. Rxb8 Rxb8 25. Rc1 Kd6 26. Rd1+ Ke7 27.
Rc1 Kd6 28. Rd1+ Ke7 29. Rc1 1/2-1/2

[Event "Qatar Masters Open 2023"]
[Site "Doha QAT"]
[Date "2023.10.13"]
[Round "3.22"]
[White "Shimanov, Aleksandr"]
[Black "Mousavi, Seyed Khalil"]
[Result "1/2-1/2"]
[WhiteTitle "GM"]
[BlackTitle "GM"]
[WhiteElo "2566"]
[BlackElo "2492"]
[WhiteFideId "4198603"]
[BlackFideId "12511099"]
[EventDate "2023.10.11"]

1. e4 c5 2. Nf3 e6 3. c3 Nf6 4. e5 Nd5 5. d4 cxd4 6. cxd4 Nc6 7. Bc4 Nb6 8. Bd3
d6 9. O-O Nb4 10. Be4 d5 11. Bd3 Nxd3 12. Qxd3 Be7 13. Nc3 Bd7 14. b3 O-O 15. h4
h6 16. h5 Rc8 17. Bd2 Na8 18. Rae1 Nc7 19. Nh2 Bb4 20. a4 Qh4 21. Re3 Qxh5 22.
Rh3 Qg6 23. Qe2 f5 24. exf6 e5 25. Rg3 Qxf6 26. dxe5 Qh4 27. Ng4 Kh8 28. Nxh6
Bxc3 29. Rxc3 gxh6 30. e6 Nxe6 31. Rh3 Qe4 32. Qh5 Rf6 33. Re1 Qf5 34. Qh4 Rg6
35. Bxh6 Qg4 36. Bg7+ Kxg7 37. Qe7+ Kg8 38. Rg3 Qxg3 39. fxg3 Nf8 40. Rf1 Rg7
41. Qd6 Bc6 42. b4 Rd7 43. Qc5 1/2-1/2

[Event "Qatar Masters Open 2023"]
[Site "Doha QAT"]
[Date "2023.10.13"]
[Round "3.23"]
[White "Rakesh, Kumar Jena"]
[Black "Adhiban, Baskaran"]
[Result "1/2-1/2"]
[WhiteTitle "IM"]
[BlackTitle "GM"]
[WhiteElo "2312"]
[BlackElo "2551"]
[WhiteFideId "5084822"]
[BlackFideId "5018471"]
[EventDate "2023.10.11"]

1. d4 d5 2. Bf4 c5 3. e3 Nc6 4. c3 Qb6 5. Qb3 c4 6. Qc2 e5 7. dxe5 Bf5 8. Qc1 g5
9. Bg3 h5 10. h3 Bg7 11. Nf3 g4 12. hxg4 hxg4 13. Rxh8 Bxh8 14. Nd4 Nge7 15. Na3
Bxe5 16. Bxe5 Nxe5 17. Nxf5 Nxf5 18. Qc2 Ne7 19. O-O-O O-O-O 20. e4 dxe4 21.
Rxd8+ Kxd8 22. Nxc4 Nxc4 23. Bxc4 f5 24. Qd2+ Kc7 25. g3 Qd6 26. Qe3 Nc6 27. Bb5
a6 28. Bxc6 Kxc6 29. a4 a5 30. Qg5 Qc5 31. Qf6+ Kc7 32. Qg7+ Kc6 33. Qf6+ Kc7
34. Qg7+ Kc6 1/2-1/2

[Event "Qatar Masters Open 2023"]
[Site "Doha QAT"]
[Date "2023.10.13"]
[Round "3.24"]
[White "Senthil, Maran K"]
[Black "Fawzy, Adham"]
[Result "0-1"]
[WhiteTitle "FM"]
[BlackTitle "GM"]
[WhiteElo "2298"]
[BlackElo "2535"]
[WhiteFideId "25035681"]
[BlackFideId "10613129"]
[EventDate "2023.10.11"]

1. Nf3 Nf6 2. c4 g6 3. g3 Bg7 4. Bg2 O-O 5. O-O d6 6. d4 Bf5 7. Nh4 Be4 8. Nf3
c6 9. Nc3 Bf5 10. Ng5 h6 11. e4 Bg4 12. f3 Bd7 13. Nh3 c5 14. dxc5 Qc8 15. Nf2
Qxc5 16. Qe2 Rc8 17. b3 Ng4 18. fxg4 Bxc3 19. Be3 Bd4 20. Bxd4 Qxd4 21. e5 Bc6
22. exd6 Qxd6 23. Rad1 Qc5 24. Bd5 e6 25. Bxc6 Nxc6 26. Kg2 Rd8 27. Ne4 Qe5 28.
Nf6+ Kg7 29. Qf3 Rxd1 30. Qxd1 Rd8 31. Qf3 Rd2+ 32. Kh1 Qb2 33. Ne8+ Kh8 34. h4
f5 35. gxf5 gxf5 36. Nc7 Ne5 37. Qxb7 Rh2+ 38. Kg1 Rh3 39. Qa8+ Kh7 40. Qg2 Qd4+
41. Rf2 Qd1+ 42. Rf1 Qg4 43. Rf4 Qxg3 44. Qxg3 Rxg3+ 45. Kh2 Re3 46. c5 Kg6 47.
b4 Ng4+ 48. Kg2 e5 49. Rc4 Rd3 50. Rc1 Rd2+ 51. Kg1 f4 52. c6 f3 53. Nd5 Rg2+
54. Kf1 Nh2+ 0-1

[Event "Qatar Masters Open 2023"]
[Site "Doha QAT"]
[Date "2023.10.13"]
[Round "3.25"]
[White "Maghsoodloo, Parham"]
[Black "Lagunow, Raphael"]
[Result "1-0"]
[WhiteTitle "GM"]
[BlackTitle "IM"]
[WhiteElo "2707"]
[BlackElo "2425"]
[WhiteFideId "12539929"]
[BlackFideId "24652644"]
[EventDate "2023.10.11"]

1. c4 c6 2. d4 d5 3. Nf3 Nf6 4. e3 Bf5 5. Nc3 e6 6. Nh4 Be4 7. f3 Bg6 8. Bd2 Be7
9. Nxg6 hxg6 10. Qc2 Nbd7 11. O-O-O dxc4 12. Bxc4 b5 13. Be2 a6 14. Kb1 c5 15.
d5 exd5 16. Bc1 Nb6 17. g4 d4 18. exd4 c4 19. d5 Bd6 20. g5 Nh5 21. f4 Qd7 22.
Rhg1 Kf8 23. Ne4 Re8 24. Bg4 Qe7 25. Rge1 Rd8 26. Bxh5 gxh5 27. g6 fxg6 28. f5
gxf5 29. Ng5 Qd7 30. Ne6+ Kg8 31. Nxd8 Qxd8 32. Qxf5 c3 33. Qg6 Qf6 34. Qxf6
gxf6 35. Re6 Nc8 36. Rxf6 Kg7 37. Rf2 Rf8 38. Rg1+ Kh7 39. Rxf8 Bxf8 40. bxc3
Nb6 41. Rg5 h4 42. Bf4 Nc4 43. Kc2 Be7 44. Rg4 Nb6 45. d6 1-0

[Event "Qatar Masters Open 2023"]
[Site "Doha QAT"]
[Date "2023.10.13"]
[Round "3.26"]
[White "Njili, Kamel"]
[Black "Oparin, Grigoriy"]
[Result "1/2-1/2"]
[WhiteTitle "IM"]
[BlackTitle "GM"]
[WhiteElo "2423"]
[BlackElo "2681"]
[WhiteFideId "5500869"]
[BlackFideId "24125890"]
[EventDate "2023.10.11"]

1. d4 Nf6 2. c4 e6 3. Nc3 Bb4 4. Qc2 d5 5. a3 Bxc3+ 6. Qxc3 c5 7. dxc5 d4 8. Qc2
e5 9. e3 Nc6 10. Nf3 O-O 11. Be2 Re8 12. exd4 e4 13. Ng1 Nxd4 14. Qc3 Bg4 15.
Be3 Nxe2 16. Nxe2 Bxe2 17. Kxe2 Ng4 18. Rad1 Qh4 19. h3 Nxe3 20. Qxe3 Qh5+ 21.
g4 Qe5 22. b4 a5 23. Rd5 Qb2+ 24. Rd2 Qe5 25. Rd5 Qb2+ 26. Rd2 Qe5 27. Rd5 1/2-1/2

[Event "Qatar Masters Open 2023"]
[Site "Doha QAT"]
[Date "2023.10.13"]
[Round "3.27"]
[White "Gupta, Abhijeet"]
[Black "Zou, Chen"]
[Result "1/2-1/2"]
[WhiteTitle "GM"]
[BlackTitle "IM"]
[WhiteElo "2609"]
[BlackElo "2418"]
[WhiteFideId "5010608"]
[BlackFideId "8610959"]
[EventDate "2023.10.11"]

1. d4 Nf6 2. c4 e6 3. Nc3 Bb4 4. e3 O-O 5. a3 Bxc3+ 6. bxc3 b6 7. Bd3 Ba6 8. Ne2
Nc6 9. e4 Ne8 10. O-O Na5 11. f4 f5 12. Ng3 g6 13. c5 Bxd3 14. Qxd3 Nb3 15. Rb1
Nxc1 16. Rbxc1 Qe7 17. Kh1 fxe4 18. Nxe4 Nf6 19. Rce1 Nxe4 20. Rxe4 c6 21. g4
Rf7 22. Qe3 Raf8 23. Kg2 Qf6 24. Re5 h6 25. Rf2 Qh4 26. h3 g5 27. f5 exf5 28.
gxf5 g4 29. Qg3 Qxh3+ 30. Qxh3 gxh3+ 31. Kxh3 Kg7 32. c4 bxc5 33. Rxc5 Rb8 34.
Rf3 Kf6 35. Ra5 Rg7 36. Rxa7 Rbg8 37. Rb7 1/2-1/2

[Event "Qatar Masters Open 2023"]
[Site "Doha QAT"]
[Date "2023.10.13"]
[Round "3.28"]
[White "Kushagra, Mohan"]
[Black "Sethuraman, S.P."]
[Result "0-1"]
[WhiteTitle "IM"]
[BlackTitle "GM"]
[WhiteElo "2412"]
[BlackElo "2598"]
[WhiteFideId "25033638"]
[BlackFideId "5021596"]
[EventDate "2023.10.11"]

1. e4 c5 2. Nf3 d6 3. d4 cxd4 4. Nxd4 Nf6 5. Nc3 a6 6. Rg1 h5 7. Be3 g6 8. h3
Bg7 9. g4 Nc6 10. g5 Nd7 11. f4 O-O 12. Nb3 b5 13. Qd2 Bb7 14. O-O-O Na5 15. Nd4
Nb6 16. f5 Nac4 17. Qe1 Qc8 18. Bf2 Rb8 19. f6 exf6 20. gxf6 Bxf6 21. Nf5 b4 22.
Bd4 Qe6 23. Na4 Nxa4 24. Bxc4 Qxc4 25. Bxf6 Bxe4 26. Nd4 Nc5 27. Qh4 Nd7 28. Be7
d5 29. Bxf8 Bxc2 30. Rd2 Bd3+ 31. Kd1 Rc8 32. Bc5 Rxc5 33. Qd8+ Nf8 34. Nb3 Bc2+
35. Ke1 Bxb3 36. axb3 Qc1+ 37. Rd1 Qe3+ 38. Kf1 Qf3+ 39. Ke1 Qe3+ 40. Kf1 Qxh3+ 0-1

[Event "Qatar Masters Open 2023"]
[Site "Doha QAT"]
[Date "2023.10.13"]
[Round "3.29"]
[White "Pranav, V"]
[Black "Viani, Antonio Dcunha"]
[Result "1-0"]
[WhiteTitle "GM"]
[BlackTitle "IM"]
[WhiteElo "2579"]
[BlackElo "2410"]
[WhiteFideId "25060783"]
[BlackFideId "5027330"]
[EventDate "2023.10.11"]

1. e4 c5 2. Nf3 d6 3. d4 cxd4 4. Nxd4 Nf6 5. Nc3 g6 6. Be3 Bg7 7. f3 Nc6 8. Qd2
O-O 9. O-O-O d5 10. exd5 Nxd5 11. Nxc6 bxc6 12. Bd4 Bxd4 13. Qxd4 Qb6 14. Na4
Qa5 15. b3 Qc7 16. Bc4 Rd8 17. g3 Bf5 18. Qc5 Qe5 19. c3 Qf6 20. Rhe1 Be6 21.
Bxd5 cxd5 22. f4 g5 23. fxg5 Qxg5+ 24. Kb2 Bg4 25. h4 Qf6 26. Rxd5 Rxd5 27. Qxd5
Qf2+ 28. Ka3 Qxe1 29. Qxa8+ Kg7 30. Qd8 h5 31. Kb4 e5 32. Nc5 a5+ 33. Qxa5 e4
34. Qd8 e3 35. Qg5+ Kf8 36. Qh6+ Ke8 37. Qc6+ Kf8 38. Qd6+ Kg8 39. Qb8+ Kg7 40.
Qe5+ Kf8 41. Nd3 Qd2 42. Qc5+ Ke8 43. Qc6+ Ke7 44. Qc7+ Ke8 45. Qc6+ Ke7 46. Qd5
Ke8 47. Qb5+ Kf8 48. a4 e2 49. a5 e1=Q 50. Nxe1 Qxe1 51. a6 Bf3 52. Qb8+ Ke7 53.
Qc7+ Kf8 54. a7 Qe4+ 55. c4 Kg7 56. Ka5 Qe1+ 57. b4 Qa1+ 58. Kb5 Qd4 59. Qe7 Qa1
60. Qe3 Qd1 61. Qe5+ Kh7 62. Qe8 Qh1 63. Qxf7+ Kh6 64. Kb6 Ba8 65. Qe6+ Kg7 66.
Qd7+ Kh6 67. c5 Qg2 68. b5 Qf3 69. Qe7 Kg6 70. c6 Qf2+ 71. Qc5 Qf3 72. Qd6+ Kh7
73. Kc7 Qf2 74. b6 Qe3 75. Qd7+ Kh6 76. Kb8 Qxb6+ 77. Kxa8 Qb5 78. Qe6+ Kg7 79.
c7 1-0

[Event "Qatar Masters Open 2023"]
[Site "Doha QAT"]
[Date "2023.10.13"]
[Round "3.30"]
[White "Can, Emre"]
[Black "Munkhdalai, Amilal"]
[Result "1-0"]
[WhiteTitle "GM"]
[BlackTitle "FM"]
[WhiteElo "2576"]
[BlackElo "2409"]
[WhiteFideId "6302181"]
[BlackFideId "4903250"]
[EventDate "2023.10.11"]

1. e4 c5 2. Nf3 e6 3. d4 cxd4 4. Nxd4 Nc6 5. Nc3 Qc7 6. Be3 a6 7. g4 b5 8. Nxc6
dxc6 9. Qf3 e5 10. a4 b4 11. Nb1 Be6 12. Nd2 Nf6 13. g5 Ng4 14. Bc4 Nxe3 15.
Qxe3 Bxc4 16. Nxc4 Rd8 17. Rd1 Rxd1+ 18. Kxd1 Be7 19. Kc1 h6 20. gxh6 Rxh6 21.
Kb1 Kf8 22. a5 Kg8 23. Qb6 Qc8 24. Qa7 Bf8 25. f3 Rh3 26. Nb6 Qd8 27. Qxa6 b3
28. Qd3 bxc2+ 29. Qxc2 Rxf3 30. Rd1 Qh4 31. a6 Rf2 32. Qc4 Qxh2 33. Na4 Rd2 34.
Rxd2 Qxd2 35. Qxc6 Qd4 36. Ka2 Qa7 37. Qb6 Qd7 38. Nc3 Qc8 39. a7 Kh7 40. Kb1
Bc5 41. Qb8 Qa6 42. a8=Q Qd3+ 43. Ka2 1-0